Synthesis, Characterization, and Theory of Polymeric Networks and Gels / (Record no. 12166)
[ view plain ]
| 000 -LEADER | |
|---|---|
| fixed length control field | 01528pam a2200289 a 4500 |
| 001 - CONTROL NUMBER | |
| control field | 1088254 |
| 005 - DATE AND TIME OF LATEST TRANSACTION | |
| control field | 19930113114637.7 |
| 008 - FIXED-LENGTH DATA ELEMENTS--GENERAL INFORMATION | |
| fixed length control field | 920731s1992 nyua b 101 0 eng |
| 010 ## - LIBRARY OF CONGRESS CONTROL NUMBER | |
| LC control number | 92026765 |
| 020 ## - INTERNATIONAL STANDARD BOOK NUMBER | |
| International Standard Book Number | 0306443066 |
| 040 ## - CATALOGING SOURCE | |
| Original cataloging agency | DLC |
| Transcribing agency | DLC |
| Modifying agency | DLC |
| 050 00 - LIBRARY OF CONGRESS CALL NUMBER | |
| Classification number | QD382.P67 |
| Item number | S96 1992 |
| 082 00 - DEWEY DECIMAL CLASSIFICATION NUMBER | |
| Classification number | 668.9 |
| Edition number | 20 |
| Item number | SYN |
| 245 00 - TITLE STATEMENT | |
| Title | Synthesis, Characterization, and Theory of Polymeric Networks and Gels / |
| Statement of responsibility, etc | edited by Shaul M. Aharoni. |
| 260 ## - PUBLICATION, DISTRIBUTION, ETC. (IMPRINT) | |
| Place of publication, distribution, etc | New York : |
| Name of publisher, distributor, etc | Plenum Press, |
| Date of publication, distribution, etc | c1992. |
| 300 ## - PHYSICAL DESCRIPTION | |
| Extent | ix, 360 p. : |
| Other physical details | ill. ; |
| Dimensions | 26 cm. |
| 500 ## - GENERAL NOTE | |
| General note | "Proceedings of an American Chemical Society Division of Polymeric Materials Science and Engineering Symposium on Synthesis, Characterization, and Theory of Polymeric Networks and Gels, held April 5-10, 1992, in San Francisco, California"--T.p. verso. |
| 504 ## - BIBLIOGRAPHY, ETC. NOTE | |
| Bibliography, etc | Includes bibliographical references and index. |
| 650 #0 - SUBJECT ADDED ENTRY--TOPICAL TERM | |
| Topical term or geographic name as entry element | Polymer networks |
| General subdivision | Congresses. |
| 9 (RLIN) | 7421 |
| 650 #0 - SUBJECT ADDED ENTRY--TOPICAL TERM | |
| Topical term or geographic name as entry element | Colloids |
| General subdivision | Congresses. |
| 9 (RLIN) | 7422 |
| 700 1# - ADDED ENTRY--PERSONAL NAME | |
| Personal name | Aharoni, Shaul M. |
| 9 (RLIN) | 7423 |
| 710 2# - ADDED ENTRY--CORPORATE NAME | |
| Corporate name or jurisdiction name as entry element | American Chemical Society. |
| Subordinate unit | Division of Polymeric Materials: Science and Engineering. |
| 9 (RLIN) | 7424 |
| 711 2# - ADDED ENTRY--MEETING NAME | |
| Meeting name or jurisdiction name as entry element | Symposium on Synthesis, Characterization, and Theory of Polymeric Networks and Gels |
| Date of meeting | (1992 : |
| Location of meeting | San Francisco, Calif.) |
| 9 (RLIN) | 7425 |
| 942 ## - ADDED ENTRY ELEMENTS (KOHA) | |
| Source of classification or shelving scheme | Dewey Decimal Classification |
| Item type | Book - Borrowing |
| Withdrawn status | Item status | Source of classification or shelving scheme | Damaged status | Not for loan | Vendor | Home library | Current library | Shelving location | Date acquired | Source of acquisition | Cost, normal purchase price | Serial Enumeration / chronology | Total Checkouts | Full call number | Barcode | Date last seen | Koha item type |
|---|---|---|---|---|---|---|---|---|---|---|---|---|---|---|---|---|---|
| Dewey Decimal Classification | Alahram | Central Library | Central Library | First floor | 01/07/2009 | 476.00 | 72 | 668.9 SYN | 000016980 | 15/07/2025 | Book - Borrowing |